|
|
|
|
| LEADER |
02556nam a2200385 a 4500 |
| 001 |
2705566 |
| 008 |
090723s1976 nyua c 000 1 eng d |
| 010 |
|
|
|a 76002287
|
| 020 |
|
|
|a 0803774737 :
|c $7.95
|
| 040 |
|
|
|a DLC
|c DLC
|d DLC
|
| 082 |
0 |
0 |
|a 813/.5/08
|2 18
|
| 999 |
|
|
|c 2792
|d 2792
|
| 999 |
|
|
|c 2792
|
| 100 |
1 |
|
|a Taylor, Mildred D.
|9 2203
|
| 245 |
1 |
0 |
|a Roll of thunder, hear my cry /
|c Mildred D. Taylor ; frontispiece by Jerry Pinkney.
|
| 260 |
|
|
|a New York :
|b Dial Press ;
|b Puffin Books,
|c c1976.
|
| 300 |
|
|
|a 220 p. :
|b ill. ;
|c 22 cm.
|
| 500 |
|
|
|a Sequel: Let the circle be unbroken.
|
| 520 |
|
|
|a A black family living in Mississippi during the Depression of the 1930s is faced with prejudice and discrimination which its children do not understand.
|
| 541 |
1 |
|
|e 00012677
|
| 586 |
|
|
|a Newbery Medal, 1977
|
| 650 |
|
0 |
|a African Americans
|v Juvenile fiction.
|9 2204
|
| 650 |
|
0 |
|a Logan family (Fictitious characters : Taylor)
|v Fiction.
|9 2205
|
| 650 |
|
1 |
|a African Americans
|v Fiction.
|9 2206
|
| 650 |
|
1 |
|a Prejudices
|v Fiction.
|9 2207
|
| 650 |
|
1 |
|a Depressions
|y 1929
|v Fiction.
|9 2208
|
| 651 |
|
1 |
|a Mississippi
|x Race relations
|v Fiction.
|9 2209
|
| 852 |
4 |
|
|a Ayesha Abed Library
|j General Shelf.
|
| 942 |
|
|
|2 ddc
|c BK
|
| 952 |
|
|
|0 0
|1 0
|2 ddc
|4 1
|6 813_508000000000000_TAY
|7 0
|9 2564
|a BRACUL
|b BRACUL
|c SPS
|d 2009-07-23
|g 80.00
|l 1
|m 2
|o 813.508 TAY
|p 3010012677
|r 2015-09-18
|s 2015-08-19
|t 1
|w 2009-07-23
|y BK
|x Photocopy Book. Declared as Damaged on December 10, 2023
|
| 952 |
|
|
|0 0
|1 0
|2 ddc
|4 1
|6 813_508000000000000_TAY
|7 0
|9 22795
|a BRACUL
|b BRACUL
|c SPS
|d 2013-06-24
|g 80.00
|l 0
|o 813.508 TAY
|p 3010012673
|r 2013-06-24
|t 2
|w 2013-06-24
|y BK
|x Photocopy Book. Declared as Damaged on December 10, 2023
|
| 952 |
|
|
|0 0
|1 0
|2 ddc
|4 1
|6 813_508000000000000_TAY
|7 0
|9 22796
|a BRACUL
|b BRACUL
|c SPS
|d 2013-06-24
|g 80.00
|l 0
|o 813.508 TAY
|p 3010012675
|r 2013-06-24
|t 3
|w 2013-06-24
|y BK
|x Photocopy Book. Declared as Damaged on December 10, 2023
|
| 952 |
|
|
|0 0
|1 0
|2 ddc
|4 1
|6 813_508000000000000_TAY
|7 0
|9 22797
|a BRACUL
|b BRACUL
|c SPS
|d 2013-06-24
|g 80.00
|l 0
|o 813.508 TAY
|p 3010012676
|r 2013-06-24
|t 4
|w 2013-06-24
|y BK
|x Photocopy Book. Declared as Damaged on December 10, 2023
|
| 952 |
|
|
|0 0
|1 0
|2 ddc
|4 1
|6 813_508000000000000_TAY
|7 0
|9 22798
|a BRACUL
|b BRACUL
|c SPS
|d 2013-06-24
|g 80.00
|l 0
|o 813.508 TAY
|p 3010012678
|r 2013-06-24
|t 5
|w 2013-06-24
|y BK
|x Photocopy Book. Declared as Damaged on December 10, 2023
|
| 952 |
|
|
|0 0
|1 0
|2 ddc
|4 1
|6 813_508000000000000_TAY
|7 0
|9 22799
|a BRACUL
|b BRACUL
|c SPS
|d 2013-06-24
|g 80.00
|l 0
|o 813.508 TAY
|p 3010012679
|r 2013-06-24
|t 6
|w 2013-06-24
|y BK
|x Photocopy Book. Declared as Damaged on December 10, 2023
|